A guide to good practice in age management (Registro nro. 22326)
[ vista simple ]
| 000 -CABECERA | |
|---|---|
| Longitud fija campo de control | 01515nam a2200421 c 4500 |
| 001 - NÚMERO DE CONTROL | |
| Número de control | 22326 |
| 003 - IDENTIFICADOR DE NÚMERO DE CONTROL | |
| Identificador del número de control | ES-MaCES |
| 005 - FECHA Y HORA DE LA ÚLTIMA TRANSACCIÓN | |
| Fecha y hora de la última transacción | 20180118122042.0 |
| 008 - CAMPO FIJO DE DESCRIPCIÓN FIJA--INFORMACIÓN GENERAL | |
| Códigos de información de longitud fija | 090807s2006 lu d m000 | eng d |
| 020 ## - ISBN (INTERNATIONAL STANDARD BOOK NUMBER) | |
| Número Internacional Normalizado para Libros (ISBN) | 9289709340 |
| 035 ## - NÚMERO DE CONTROL DEL SISTEMA | |
| Número de control del sistema | CES20090008086m |
| 040 ## - FUENTE DE CATALOGACIÓN | |
| Centro catalogador de origen | ES-MaCES |
| Lengua de catalogación | spa |
| Centro transcriptor | ES-MaCES |
| 100 1# - ENCABEZAMIENTO PRINCIPAL--NOMBRE PERSONAL | |
| Nombre de persona | Naegele, Gerhard |
| 9 (RLIN) | 19460 |
| 245 12 - MENCIÓN DE TÍTULO | |
| Título | A guide to good practice in age management |
| Mención de responsabilidad, etc. | [authors, Gerhard Naegele and Alan Walker] |
| 260 ## - PUBLICACIÓN, DISTRIBUCIÓN, ETC (PIE DE IMPRENTA) | |
| Lugar de publicación, distribución, etc. | Luxembourg |
| Nombre del editor, distribuidor, etc. | Office for Official Publications of the European Communities |
| Fecha de publicación, distribución, etc. | 2006 |
| 300 ## - DESCRIPCIÓN FÍSICA | |
| Extensión | VIII, 36 p. |
| Dimensiones | 30 cm |
| 500 ## - NOTA GENERAL | |
| Nota general | Precede al tít.: European Foundation for the Improvement of Living and Working Conditions |
| 504 ## - NOTA DE BIBLIOGRAFÍA, ETC. | |
| Nota de bibliografía, etc. | Bibliografía: p. 35 |
| 541 ## - NOTA DE LA FUENTE INMEDIANTE DE ADQUISICIÓN | |
| Forma de adquisición | Gratuito |
| 650 #4 - ASIENTO SECUNDARIO DE MATERIA--TÉRMINO DE MATERIA | |
| Término de materia o nombre geográfico como elemento inicial | trabajador de edad avanzada |
| 9 (RLIN) | 28410 |
| 650 #4 - ASIENTO SECUNDARIO DE MATERIA--TÉRMINO DE MATERIA | |
| Término de materia o nombre geográfico como elemento inicial | discriminación por edad |
| 9 (RLIN) | 29857 |
| 650 #4 - ASIENTO SECUNDARIO DE MATERIA--TÉRMINO DE MATERIA | |
| Término de materia o nombre geográfico como elemento inicial | empleabilidad |
| 9 (RLIN) | 29674 |
| 650 #4 - ASIENTO SECUNDARIO DE MATERIA--TÉRMINO DE MATERIA | |
| Término de materia o nombre geográfico como elemento inicial | contratación |
| 9 (RLIN) | 28323 |
| 650 #4 - ASIENTO SECUNDARIO DE MATERIA--TÉRMINO DE MATERIA | |
| Término de materia o nombre geográfico como elemento inicial | desarrollo de la carrera |
| 9 (RLIN) | 29403 |
| 650 #4 - ASIENTO SECUNDARIO DE MATERIA--TÉRMINO DE MATERIA | |
| Término de materia o nombre geográfico como elemento inicial | formación profesional permanente |
| 9 (RLIN) | 29931 |
| 650 #4 - ASIENTO SECUNDARIO DE MATERIA--TÉRMINO DE MATERIA | |
| Término de materia o nombre geográfico como elemento inicial | flexibilidad del trabajo |
| 9 (RLIN) | 30174 |
| 650 #4 - ASIENTO SECUNDARIO DE MATERIA--TÉRMINO DE MATERIA | |
| Término de materia o nombre geográfico como elemento inicial | jubilación |
| 9 (RLIN) | 28360 |
| 650 #4 - ASIENTO SECUNDARIO DE MATERIA--TÉRMINO DE MATERIA | |
| Término de materia o nombre geográfico como elemento inicial | repertorio de recomendaciones prácticas |
| 9 (RLIN) | 29261 |
| 650 #4 - ASIENTO SECUNDARIO DE MATERIA--TÉRMINO DE MATERIA | |
| Término de materia o nombre geográfico como elemento inicial | estudio de casos |
| 9 (RLIN) | 28846 |
| 653 10 - TÉRMINO DE INDEXACIÓN--NO CONTROLADO | |
| Término no controlado | Empleo |
| 650 #4 - ASIENTO SECUNDARIO DE MATERIA--TÉRMINO DE MATERIA | |
| 9 (RLIN) | 29020 |
| Término de materia o nombre geográfico como elemento inicial | país de la UE |
| 650 #4 - ASIENTO SECUNDARIO DE MATERIA--TÉRMINO DE MATERIA | |
| 9 (RLIN) | 26752 |
| Término de materia o nombre geográfico como elemento inicial | UE |
| 700 1# - ENCABEZAMIENTO SECUNDARIO--NOMBRE PERSONAL | |
| Nombre de persona | Walker, Alan |
| 9 (RLIN) | 26102 |
| 710 2# - ENCABEZAMIENTO SECUNDARIO--NOMBRE CORPORATIVO | |
| 9 (RLIN) | 3819 |
| Nombre de entidad o nombre de jurisdicción como elemento inicial | Fundación Europea para la Mejora de las Condiciones de Vida y de Trabajo |
| 902 ## - CES. TIPO DE DOCUMENTO | |
| Tipodoc (006$c Sirtex) | LIB Libro |
| 942 ## - ELEMENTOS KOHA | |
| Fuente de clasificaión o esquema | Clasificación propia del CES |
| Koha [por defecto] tipo de item | Monografías |
| Parte de clasificación | 2.1. |
| Número de registro | Signatura completa | Tipo de item de Koha |
|---|---|---|
| 074761 | SG-2.1.-291 | Monografías |
